000 00443nam a22001337a 4500
040 _cNUST
082 _a200 THE
100 _aMuhammad Hassan Raza,
_9114018
110 _aSupervisor: Dr. Afshan Naseem
245 _aTH-SOF-2175-ANALYZING THE EFFECTS OF ORGANIZATIONAL CRONYISM ON EMPLOYEE BEHAVIOR ROLE OF REGLATION OF EMOTION IN TELECOM SECTOR
260 _aISLAMABAD
_bNUST COLLEGE OF EME
_c2023
650 _aMS-EM-19
942 _2ddc
_cTHE
999 _c595420
_d595420